A přesto říci životu ano : psycholog prožívá koncentrační tábor /

Hlavní autor: Frankl, Viktor Emil, 1905-1997
Další autoři: Hermach, Josef, 1924-2002
Jazyk: Čeština
Vydáno: Kostelní Vydří : Karmelitánské nakladatelství, 2006
Vydání: 2., opr. vyd.
Edice: Osudy (Karmelitánské nakladatelství)
Témata:
Externí odkaz: Digitalizovaný dokument
Fyzický popis: 175 s. ; 20 cm
Knihy
Uloženo v:
LEADER 02892nam a2200781 a 4500
001 nkc20061644146
003 CZ PrNK
005 20160120104339.0
007 ta
008 060223s2006 xr a e 000 dacze
015 |a cnb001644146 
020 |a 80-7192-848-8  |q (váz.) :  |c Kč 199,00 
035 |a (OCoLC)85544726 
040 |a BOA001  |b cze  |d ABA001 
041 1 |a cze  |h ger 
043 |a e-au--- 
045 |a x4x4 
072 7 |a 615.8  |x Fyzioterapie. Psychoterapie. Alternativní lékařství  |2 Konspekt  |9 14 
072 7 |a 929  |x Biografie  |2 Konspekt  |9 8 
080 |a 159.9-055.1  |2 MRF 
080 |a 929  |2 MRF 
080 |a 343.819.5  |2 MRF 
080 |a 17.02  |2 MRF 
080 |a 123.1  |2 MRF 
080 |a 159.947.23  |2 MRF 
080 |a 17.024.1  |2 MRF 
080 |a 615.851  |2 MRF 
080 |a 821.112.2(436)-2  |2 MRF 
080 |a (436)  |2 MRF 
080 |a (0:82-94)  |2 MRF 
080 |a (0:82-2)  |2 MRF 
100 1 |a Frankl, Viktor Emil,  |d 1905-1997  |7 jn19990009561  |4 aut 
245 1 0 |a A přesto říci životu ano :  |b psycholog prožívá koncentrační tábor /  |c Viktor E. Frankl ; [z německého originálu ... přeložil Josef Hermach] 
250 |a 2., opr. vyd. 
260 |a Kostelní Vydří :  |b Karmelitánské nakladatelství,  |c 2006 
300 |a 175 s. ;  |c 20 cm 
490 1 |a Osudy ;  |v 21 
504 |a Obsahuje bibliografii 
600 1 7 |a Frankl, Viktor Emil,  |d 1905-1997  |7 jn19990009561  |2 czenas 
648 7 |a 1939-1945  |7 ch460653  |2 czenas 
648 7 |a 20. století  |7 ch460558  |2 czenas 
650 0 7 |a psychologové  |7 ph124816  |z Rakousko  |y 20. století  |2 czenas 
650 0 7 |a koncentrační tábory  |7 ph121782  |y 1939-1945  |2 czenas 
650 0 7 |a smysl života  |7 ph125718  |2 czenas 
650 0 7 |a svoboda  |7 ph116345  |2 czenas 
650 0 7 |a odpovědnost  |7 ph123697  |2 czenas 
650 0 7 |a svědomí  |7 ph126318  |2 czenas 
650 0 7 |a logoterapie  |7 ph115170  |2 czenas 
650 0 9 |a psychologists  |z Austria  |y 20th century  |2 eczenas 
650 0 9 |a concentration camps  |y 1939-1945  |2 eczenas 
650 0 9 |a sense of life  |2 eczenas 
650 0 9 |a liberty  |2 eczenas 
650 0 9 |a responsibility  |2 eczenas 
650 0 9 |a conscience  |2 eczenas 
650 0 9 |a logotherapy  |2 eczenas 
655 7 |a autobiografické vzpomínky  |7 fd131854  |2 czenas 
655 7 |a rakouská dramata  |7 fd133217  |2 czenas 
655 9 |a autobiographical reminiscences  |2 eczenas 
655 9 |a Austrian drama  |2 eczenas 
700 1 |a Hermach, Josef,  |d 1924-2002  |7 jn20010602783  |4 trl 
765 0 |t --trotzdem ja zum Leben sagen  |9 Česky 
830 0 |a Osudy (Karmelitánské nakladatelství)  |0 s 
856 4 1 |u http://www.digitalniknihovna.cz/mzk/uuid/uuid:4fd58f01-0336-11e3-9923-005056827e52  |y Digitalizovaný dokument  |x NDK 
910 2 |a BOA001  |b 1-1166.080 
990 |a BK 
995 |a 01 
991 |b 200604  |c NOV 
996 6 |b 2610274812  |c 1-1166.080  |l MZK  |r Sklad / do 1 hodiny  |n 20  |p p.v.  |w 000811041  |u 000010  |a 1  |e BOA001  |j MZK50  |s P